[Event "Chess.com Classic Div 3 L"]
[Site "chess.com INT"]
[Date "2024.05.10"]
[Round "1.1"]
[White "Daneshvar, Bardiya"]
[Black "Le, Quang Liem"]
[Result "1-0"]
[WhiteTitle "GM"]
[BlackTitle "GM"]
[WhiteElo "2582"]
[BlackElo "2731"]
[WhiteFideId "12576468"]
[BlackFideId "12401137"]
[EventDate "2024.05.10"]
[EventType "k.o."]

1. c4 e6 2. g3 d5 3. Bg2 Nf6 4. Nf3 Be7 5. d4 O-O 6. O-O dxc4 7. Qc2 a6 8. a4
Bd7 9. Qxc4 Bc6 10. Bf4 Bd6 11. Qc1 Nbd7 12. Nc3 b5 13. Rd1 b4 14. Nb1 Bd5 15.
Ne5 Rc8 16. Nd2 c5 17. Nxd7 Qxd7 18. Bxd6 Qxd6 19. Nc4 Qb8 20. b3 cxd4 21. Rxd4
Rfd8 22. e4 Bxc4 23. Rxd8+ Rxd8 24. Qxc4 a5 25. Qc5 Qa8 26. Rc1 h6 27. h3 Qa6
28. Qc7 Rf8 29. Rc4 Qa8 30. Rc5 Qd8 31. Qxd8 Rxd8 32. Rxa5 Rd1+ 33. Kh2 Rd4 34.
e5 Nd5 35. Bxd5 exd5 36. Rb5 Kf8 37. a5 Rd2 38. Rxb4 Rxf2+ 39. Kg1 Ra2 40. Ra4
Rc2 41. a6 Rc8 42. a7 Ra8 43. Kf2 Ke7 44. Ke3 Kd7 45. Kd4 Kc6 46. Ra1 1-0

[Event "Chess.com Classic Div 3 L"]
[Site "chess.com INT"]
[Date "2024.05.10"]
[Round "1.1"]
[White "Durarbayli, Vasif"]
[Black "Bjerre, Jonas Buhl"]
[Result "1/2-1/2"]
[WhiteTitle "GM"]
[BlackTitle "GM"]
[WhiteElo "2627"]
[BlackElo "2653"]
[WhiteFideId "13402935"]
[BlackFideId "1444948"]
[EventDate "2024.05.10"]
[EventType "k.o."]

1. e4 e5 2. Nf3 Nc6 3. d4 exd4 4. Nxd4 Qf6 5. Ne2 Bc5 6. Nf4 Nge7 7. Nc3 O-O 8.
Be2 Nd4 9. Be3 Nxe2 10. Qxe2 Bb4 11. O-O Bxc3 12. bxc3 d6 13. Rad1 Be6 14. c4
Qe5 15. f3 f5 16. Nd5 Bxd5 17. Bd4 Qe6 18. cxd5 Nxd5 19. Bxg7 Nf4 20. Qd2 Kxg7
21. Qxf4 fxe4 22. Qxe4 Qxe4 23. fxe4 Rxf1+ 24. Kxf1 Re8 25. Rd4 Re5 26. Rc4 c6
27. Rd4 Re6 28. Kf2 Kf6 29. Ke3 a5 30. Kf4 Ke7 31. Rd1 b5 32. g4 Rf6+ 33. Kg3
Re6 34. Kf4 Rf6+ 35. Kg3 Re6 36. Kf4 1/2-1/2

[Event "Chess.com Classic Div 3 L"]
[Site "chess.com INT"]
[Date "2024.05.10"]
[Round "1.1"]
[White "Moussard, Jules"]
[Black "Bernadskiy, Vitaliy"]
[Result "1-0"]
[WhiteTitle "GM"]
[BlackTitle "GM"]
[WhiteElo "2611"]
[BlackElo "2564"]
[WhiteFideId "642908"]
[BlackFideId "14100371"]
[EventDate "2024.05.10"]
[EventType "k.o."]

1. c4 g6 2. Nf3 Bg7 3. g3 c5 4. Bg2 Nc6 5. O-O d6 6. Nc3 Bf5 7. h3 Nf6 8. d3 O-O
9. a3 Bd7 10. Rb1 a6 11. b4 cxb4 12. axb4 b5 13. cxb5 axb5 14. Nxb5 Nd5 15. Bb2
Ncxb4 16. e4 Bxb5 17. Bxg7 Kxg7 18. exd5 Ba4 19. Qe1 Nxd5 20. Nd4 Qa5 21. Rb7
Qc5 22. Qe4 Nf6 23. Qf4 Bd7 24. Rc1 Qe5 25. Qxe5 dxe5 26. Nf3 Ra5 27. Re1 Rb5
28. Ra7 Bc6 29. Nxe5 Bxg2 30. Kxg2 Re8 31. Nc4 Rd5 32. Rexe7 Rxe7 33. Rxe7 Kf8
34. Re3 Nd7 35. Kf3 Nc5 36. Ke2 f6 37. Kd2 g5 38. Kc3 h5 39. Nd2 Kf7 40. Kc4 Rf5
41. Rf3 Rxf3 42. Nxf3 Nd7 43. Kd5 Nb6+ 44. Kc6 Na4 45. d4 Nc3 46. d5 g4 47. hxg4
hxg4 48. Nd4 1-0

[Event "Chess.com Classic Div 3 L"]
[Site "chess.com INT"]
[Date "2024.05.10"]
[Round "1.1"]
[White "Niemann, Hans Moke"]
[Black "Lobanov, Sergei"]
[Result "1/2-1/2"]
[WhiteTitle "GM"]
[BlackTitle "GM"]
[WhiteElo "2689"]
[BlackElo "2507"]
[WhiteFideId "2093596"]
[BlackFideId "24183750"]
[EventDate "2024.05.10"]
[EventType "k.o."]

1. e4 e5 2. Nf3 Nc6 3. Bc4 Nf6 4. d3 Be7 5. O-O O-O 6. a4 d6 7. a5 a6 8. c3 Be6
9. Bxe6 fxe6 10. Re1 h6 11. Nbd2 Qe8 12. Nf1 Nh5 13. Ng3 Nxg3 14. hxg3 Rb8 15.
d4 Bf6 16. Be3 Kh8 17. Qb3 Qf7 18. Red1 exd4 19. cxd4 d5 20. e5 Bd8 21. Qc2 Ne7
22. g4 Ng6 23. Ra3 c6 24. Rda1 Rc8 25. Rb3 Rc7 26. Bd2 Be7 27. Be3 Rfc8 28. Rc1
Kg8 29. Qe2 c5 30. dxc5 Bxc5 31. Rbc3 Bxe3 32. Qxe3 Rxc3 33. Rxc3 Rxc3 34. Qxc3
Ne7 35. Nd4 Qf4 36. Nxe6 Qxg4 37. Nc5 Qd1+ 38. Kh2 Qh5+ 39. Kg1 Qd1+ 40. Kh2
Qh5+ 41. Kg1 Qd1+ 1/2-1/2

[Event "Chess.com Classic Div 3 L"]
[Site "chess.com INT"]
[Date "2024.05.10"]
[Round "1.1"]
[White "Rasulov, Vugar"]
[Black "Kamsky, Gata"]
[Result "1-0"]
[WhiteTitle "GM"]
[BlackTitle "GM"]
[WhiteElo "2560"]
[BlackElo "2616"]
[WhiteFideId "13402390"]
[BlackFideId "2000024"]
[EventDate "2024.05.10"]
[EventType "k.o."]

1. e4 e5 2. Nf3 Nc6 3. Bb5 Nf6 4. O-O Nxe4 5. Qe2 Nd6 6. Bxc6 dxc6 7. Qxe5+ Be6
8. Nd4 Qf6 9. Re1 Qxe5 10. Rxe5 Kd7 11. Nxe6 fxe6 12. d3 g6 13. Nd2 Bg7 14. Re2
a5 15. a4 c5 16. c3 b6 17. g3 Rhe8 18. Ne4 h6 19. h4 Rad8 20. Bxh6 Bxh6 21. Nf6+
Ke7 22. Nxe8 Rxe8 23. Kg2 Kf7 24. Rae1 Nf5 25. Kh3 Bf8 26. g4 Ng7 27. Re3 Bd6
28. Rf3+ Ke7 29. Kg2 Rh8 30. Rh1 Ne8 31. h5 g5 32. Re1 Nf6 33. Kh3 Nd5 34. Kg2
Nf6 35. Kh3 Kf7 36. Rfe3 Re8 37. d4 cxd4 38. cxd4 Nd5 39. Rf3+ Nf4+ 40. Kh2 Ke7
41. Kg1 Kd7 42. Kf1 Kc6 43. Rc3+ Kd5 44. Rec1 Re7 45. f3 Kxd4 46. Re1 Kd5 47.
Re4 e5 48. Rc2 Ne6 49. Rd2+ Nd4 50. Kg2 Rf7 51. Rd1 c5 52. Re3 Ke6 53. Rdd3 Rf4
54. Re4 Rf8 55. Re1 Kf6 56. Re4 Rc8 57. Rd1 Bf8 58. Rde1 Bd6 59. Rd1 Rb8 60. Re3
b5 61. axb5 Rxb5 62. Rd2 Bf8 63. Ra3 c4 64. Ra4 Bb4 65. Rd1 Kg7 66. Rc1 Rc5 67.
Rd1 Kf6 68. Rc1 Rc6 69. Rd1 c3 70. bxc3 Rxc3 71. Ra2 Rc8 72. Rf2 a4 73. Rb2 Bc5
74. Rc1 a3 75. Ra2 Nb5 76. Rac2 Ra8 77. Rxc5 a2 78. Rxb5 a1=Q 79. Rb6+ Kf7 80.
Rxa1 Rxa1 81. Rg6 Ra2+ 82. Kg3 Ra3 83. Rxg5 e4 84. Rf5+ Kg7 85. Kf2 Ra2+ 86. Ke3
exf3 87. Kxf3 Ra4 88. Kg3 Ra1 89. Kh4 Ra6 90. Kg5 Rb6 91. h6+ Kg8 92. Kh5 Rb1
93. g5 Rb6 94. g6 Rb8 95. Kg5 Ra8 96. h7+ Kg7 97. Rf7+ Kh8 98. Kh6 1-0

[Event "Chess.com Classic Div 3 L"]
[Site "chess.com INT"]
[Date "2024.05.10"]
[Round "1.1"]
[White "Sjugirov, Sanan"]
[Black "Moiseenko, Alexander"]
[Result "1-0"]
[WhiteTitle "GM"]
[BlackTitle "GM"]
[WhiteElo "2692"]
[BlackElo "2561"]
[WhiteFideId "4189302"]
[BlackFideId "14102560"]
[EventDate "2024.05.10"]
[EventType "k.o."]

1. e4 c5 2. Nc3 Nc6 3. g3 g6 4. Bg2 Bg7 5. d3 d6 6. Be3 e6 7. Qd2 Nge7 8. Bh6
Bxh6 9. Qxh6 Nd4 10. Qd2 O-O 11. Nd1 e5 12. c3 Ne6 13. Ne2 f5 14. exf5 Nxf5 15.
Ne3 Qg5 16. Nxf5 Qxd2+ 17. Kxd2 Rxf5 18. Rhf1 Rb8 19. Rae1 Bd7 20. f4 exf4 21.
Nxf4 Nxf4 22. Rxf4 Rxf4 23. gxf4 Bc6 24. Bxc6 bxc6 25. b3 Kf7 26. Re4 a6 27. Ra4
Rb6 28. Ke3 Ke6 29. Kf3 Kf5 30. Re4 d5 31. Re7 h5 32. c4 Kf6 33. Rc7 Ke6 34. Kg3
Kf5 35. cxd5 cxd5 36. Rxc5 Rd6 37. Kf3 g5 38. fxg5 Kxg5 39. b4 Kh4 40. Kf4 Kh3
41. Rc2 Rg6 42. Ke5 Rg5+ 43. Kd6 h4 44. a4 d4 45. Rb2 Rg2 46. Rxg2 Kxg2 47. b5
axb5 48. axb5 Kxh2 49. b6 h3 50. b7 Kg1 51. b8=Q h2 52. Qb1+ Kg2 53. Qb2+ 1-0

[Event "Chess.com Classic Div 3 L"]
[Site "chess.com INT"]
[Date "2024.05.10"]
[Round "1.1"]
[White "Vokhidov, Shamsiddin"]
[Black "Deac, Bogdan-Daniel"]
[Result "0-1"]
[WhiteTitle "GM"]
[BlackTitle "GM"]
[WhiteElo "2592"]
[BlackElo "2693"]
[WhiteFideId "14204223"]
[BlackFideId "1226380"]
[EventDate "2024.05.10"]
[EventType "k.o."]

1. e4 e5 2. Nf3 Nc6 3. Bc4 Nf6 4. d3 Bc5 5. O-O d6 6. c3 a5 7. Re1 Ba7 8. Na3
O-O 9. Nb5 Bb6 10. Be3 Bxe3 11. Rxe3 Ne7 12. d4 Ng4 13. Re1 c6 14. Na3 Qc7 15.
Nc2 d5 16. Bd3 f5 17. exd5 e4 18. d6 Qxd6 19. Bc4+ Kh8 20. Ne5 Nxe5 21. dxe5
Qxe5 22. f3 Ng6 23. fxe4 fxe4 24. Qd4 Qg5 25. Qe3 Nf4 26. Bf1 Bg4 27. Qg3 Nh5
28. Qe3 Qg6 29. h3 Bf3 30. Qf2 Nf4 31. Kh2 Nd3 32. Bxd3 exd3 33. gxf3 dxc2 34.
Rac1 Qd6+ 35. Kg2 Qd5 36. a3 Qg5+ 37. Kh2 Qf4+ 38. Kg2 Rf6 39. Rxc2 Rg6+ 40. Kf1
Qf5 41. Qh2 Qxf3+ 42. Rf2 Qd3+ 43. Ree2 Re8 44. Qf4 Qd1+ 0-1

[Event "Chess.com Classic Div 3 L"]
[Site "chess.com INT"]
[Date "2024.05.10"]
[Round "1.2"]
[White "Bernadskiy, Vitaliy"]
[Black "Moussard, Jules"]
[Result "0-1"]
[WhiteTitle "GM"]
[BlackTitle "GM"]
[WhiteElo "2564"]
[BlackElo "2611"]
[WhiteFideId "14100371"]
[BlackFideId "642908"]
[EventDate "2024.05.10"]
[EventType "k.o."]

1. d4 Nf6 2. Nf3 e6 3. Bf4 d5 4. e3 c5 5. c3 Bd6 6. Bg3 Qc7 7. Nbd2 Nbd7 8. Bd3
O-O 9. Rc1 b6 10. c4 Bb7 11. cxd5 exd5 12. dxc5 bxc5 13. b4 Bxg3 14. hxg3 c4 15.
Nd4 g6 16. g4 Ne5 17. Be2 Qb6 18. a3 Rfe8 19. O-O Rac8 20. Nb1 a5 21. b5 Ne4 22.
Nc3 Nc5 23. Na4 Nxa4 24. Qxa4 Nd7 25. Qc2 Nc5 26. Rfd1 a4 27. Bf3 Nb3 28. Rb1
Qc5 29. Qb2 Red8 30. g3 Rd6 31. Kg2 Rc7 32. g5 f6 33. gxf6 c3 34. Qc2 Rxf6 35.
Nxb3 axb3 36. Rxb3 Rxf3 37. Kxf3 d4+ 38. Ke2 Qh5+ 39. g4 Qxg4+ 40. Ke1 Bf3 0-1

[Event "Chess.com Classic Div 3 L"]
[Site "chess.com INT"]
[Date "2024.05.10"]
[Round "1.2"]
[White "Bjerre, Jonas Buhl"]
[Black "Durarbayli, Vasif"]
[Result "0-1"]
[WhiteTitle "GM"]
[BlackTitle "GM"]
[WhiteElo "2653"]
[BlackElo "2627"]
[WhiteFideId "1444948"]
[BlackFideId "13402935"]
[EventDate "2024.05.10"]
[EventType "k.o."]

1. e4 c5 2. Nf3 d6 3. Bb5+ Nd7 4. O-O a6 5. Bxd7+ Bxd7 6. c3 Nf6 7. Re1 Bc6 8.
d4 Bxe4 9. Bg5 d5 10. Nbd2 e6 11. Nxe4 dxe4 12. Rxe4 Be7 13. Bxf6 gxf6 14. Qe2
f5 15. Re3 Rg8 16. Rd1 cxd4 17. Rxd4 Qc7 18. Ne5 Rd8 19. Rxd8+ Bxd8 20. g3 Bf6
21. Nd3 Kf8 22. Qf3 Rg4 23. h3 Ra4 24. a3 Ra5 25. Nf4 Bg5 26. Rd3 Re5 27. Nh5
Re1+ 28. Kg2 Ke7 29. h4 Bc1 30. Ng7 Qc6 31. Qxc6 bxc6 32. b4 Bxa3 33. Nh5 c5 34.
bxc5 Bxc5 35. Nf4 a5 36. Rd2 Ra1 37. Nd3 Bd6 38. c4 e5 39. c5 Bc7 40. Nb2 Rc1
41. Nd3 Rc3 42. f3 e4 43. fxe4 fxe4 44. Nf2 Rxg3+ 45. Kf1 e3 46. Re2 Rf3 0-1

[Event "Chess.com Classic Div 3 L"]
[Site "chess.com INT"]
[Date "2024.05.10"]
[Round "1.2"]
[White "Deac, Bogdan-Daniel"]
[Black "Vokhidov, Shamsiddin"]
[Result "1-0"]
[WhiteTitle "GM"]
[BlackTitle "GM"]
[WhiteElo "2693"]
[BlackElo "2592"]
[WhiteFideId "1226380"]
[BlackFideId "14204223"]
[EventDate "2024.05.10"]
[EventType "k.o."]

1. d4 Nf6 2. c4 e6 3. Nf3 d5 4. Nc3 Bb4 5. e3 O-O 6. Bd3 b6 7. O-O Bb7 8. cxd5
exd5 9. a3 Bd6 10. b4 a6 11. Qb3 Re8 12. a4 Nc6 13. Ba3 a5 14. b5 Nb4 15. Bxb4
Bxb4 16. Ne5 Qe7 17. Rac1 Qe6 18. Ne2 Bd6 19. f4 Ne4 20. Bxe4 dxe4 21. Qxe6 Rxe6
22. Rc2 f6 23. f5 Ree8 24. Nc4 Bb4 25. Rfc1 Bd5 26. Kf2 Rad8 27. Nd2 Rd7 28. g3
g6 29. Ke1 Bb3 30. Rxc7 Rxc7 31. Rxc7 Bxa4 32. fxg6 hxg6 33. Nf4 Bxb5 34. Nd5
Ra8 35. Nxb4 axb4 36. Rb7 Ra1+ 37. Kf2 Rd1 38. Nxe4 b3 39. Rxb6 Bd3 40. Nc5 Bc4
41. Nxb3 Rb1 42. Rb8+ Kg7 43. Rb7+ Kh6 44. Nc5 Rf1+ 45. Kg2 Re1 46. Rb4 Bd5+ 47.
Kf2 Rh1 48. e4 1-0

[Event "Chess.com Classic Div 3 L"]
[Site "chess.com INT"]
[Date "2024.05.10"]
[Round "1.2"]
[White "Kamsky, Gata"]
[Black "Rasulov, Vugar"]
[Result "1-0"]
[WhiteTitle "GM"]
[BlackTitle "GM"]
[WhiteElo "2616"]
[BlackElo "2560"]
[WhiteFideId "2000024"]
[BlackFideId "13402390"]
[EventDate "2024.05.10"]
[EventType "k.o."]

1. d4 Nf6 2. Nf3 d5 3. Bf4 e6 4. e3 Bd6 5. Nbd2 Nc6 6. c3 Qe7 7. Bb5 Bd7 8. O-O
O-O 9. Bg5 h6 10. Bh4 e5 11. Bxc6 Bxc6 12. dxe5 Bxe5 13. Nxe5 Qxe5 14. Nf3 Qd6
15. Qd4 Ne4 16. Rfd1 Rfe8 17. Rac1 a5 18. Bg3 Nxg3 19. hxg3 a4 20. c4 Red8 21.
Qc3 Qc5 22. Qe5 Qa5 23. Qh5 Rd6 24. c5 Rf6 25. Nd4 Qb4 26. Qe2 a3 27. b3 Bd7 28.
Qd2 Qxd2 29. Rxd2 Rfa6 30. Kf1 g5 31. Ke2 Kg7 32. Kd3 h5 33. Kc3 Rh8 34. b4 h4
35. gxh4 Rxh4 36. Kb3 Ba4+ 37. Kxa3 Bb5+ 38. Kb2 Bc4 39. Nf5+ Kf6 40. Nxh4 Rxa2+
41. Kc3 Ra3+ 42. Kd4 gxh4 43. e4 c6 44. Rc3 Ra4 45. Rb2 Ra1 46. Rf3+ Kg6 47.
exd5 Bxd5 48. Rh3 Rd1+ 49. Kc3 Kg5 50. g3 hxg3 51. Rxg3+ Kf4 52. Rd2 Rc1+ 53.
Kb2 Rc4 54. Ka3 f5 55. Rg7 Rc3+ 56. Ka4 Rc1 57. Ka5 Ra1+ 58. Kb6 Rb1 59. Rxd5
cxd5 60. b5 Rb2 61. Rxb7 Rxf2 62. Rd7 Ke5 63. c6 Rc2 64. c7 f4 65. Kb7 f3 66.
c8=Q Rxc8 67. Kxc8 d4 68. b6 f2 69. Rf7 1-0

[Event "Chess.com Classic Div 3 L"]
[Site "chess.com INT"]
[Date "2024.05.10"]
[Round "1.2"]
[White "Le, Quang Liem"]
[Black "Daneshvar, Bardiya"]
[Result "0-1"]
[WhiteTitle "GM"]
[BlackTitle "GM"]
[WhiteElo "2731"]
[BlackElo "2582"]
[WhiteFideId "12401137"]
[BlackFideId "12576468"]
[EventDate "2024.05.10"]
[EventType "k.o."]

1. d4 Nf6 2. c4 e6 3. Nf3 d5 4. Nc3 Be7 5. cxd5 exd5 6. Bf4 c6 7. e3 Nh5 8. Qc2
Nxf4 9. exf4 Bd6 10. g3 Qe7+ 11. Be2 Bg4 12. Ne5 Bxe2 13. Nxe2 f6 14. Ng4 O-O
15. O-O Nd7 16. Ne3 Rfe8 17. Nc3 Qf7 18. Rfe1 Nb6 19. Re2 Bf8 20. Rae1 Rad8 21.
h4 Nc4 22. f5 Nxe3 23. Rxe3 Rxe3 24. Rxe3 Re8 25. Qe2 Rxe3 26. Qxe3 Bd6 27. Kg2
Qe7 28. g4 Kf7 29. Kf3 h6 30. Ne2 Ke8 31. Nc1 Kd8 32. Nd3 Qf7 33. b4 Qe7 34. a3
a6 35. Nc5 Bxc5 36. bxc5 Qd7 37. Kg2 Qe7 38. Kg3 Qc7+ 39. Kh3 Qd7 40. Qg3 Qc7
41. g5 Qd7 42. Qb8+ Ke7 43. Kg4 h5+ 44. Kf4 Qe8 45. Qxb7+ Kf8 46. f3 a5 47. a4
Kg8 48. Qc7 Kh8 49. g6 Kg8 50. Qxa5 Qb8+ 51. Ke3 Qb3+ 52. Kf2 Qb2+ 53. Kg3 Qb8+
54. Kg2 Qe8 55. Kf2 Qb8 56. Qb6 Qh2+ 57. Ke3 Qg1+ 58. Kd3 Qd1+ 59. Kc3 Qc1+ 60.
Kb4 Qe1+ 61. Ka3 Qc3+ 62. Ka2 Qc2+ 63. Ka3 Qc3+ 64. Qb3 Qa1+ 65. Kb4 Qxd4+ 66.
Ka5 Qxc5+ 67. Ka6 Qc4+ 68. Qxc4 dxc4 69. a5 c3 70. Kb6 c2 71. a6 c1=Q 72. a7 Qa3
73. Kxc6 Qxa7 0-1

[Event "Chess.com Classic Div 3 L"]
[Site "chess.com INT"]
[Date "2024.05.10"]
[Round "1.2"]
[White "Lobanov, Sergei"]
[Black "Niemann, Hans Moke"]
[Result "1-0"]
[WhiteTitle "GM"]
[BlackTitle "GM"]
[WhiteElo "2507"]
[BlackElo "2689"]
[WhiteFideId "24183750"]
[BlackFideId "2093596"]
[EventDate "2024.05.10"]
[EventType "k.o."]

1. d4 Nf6 2. c4 e6 3. Nc3 Bb4 4. e3 O-O 5. Bd3 d5 6. a3 Be7 7. Nf3 dxc4 8. Bxc4
c5 9. O-O a6 10. dxc5 Qxd1 11. Rxd1 Bxc5 12. b4 Be7 13. Bb2 b5 14. Be2 Nc6 15.
Nd2 Bb7 16. Nb3 Rfd8 17. f3 Nd7 18. Ne4 f5 19. Nd6 Bxd6 20. Rxd6 Nf8 21. Rad1
Rxd6 22. Rxd6 Rd8 23. Rxd8 Nxd8 24. Nc5 Bc8 25. a4 bxa4 26. Nxa6 Nd7 27. Bb5
Bxa6 28. Bxd7 Bc4 29. Bxa4 Kf7 30. Kf2 Nb7 31. Be5 g6 32. Ke1 Ke7 33. Kd2 Nd8
34. Kc3 Bf1 35. g3 Nf7 36. f4 Nh6 37. b5 Ng4 38. b6 Bg2 39. Kd4 Nxh2 40. Kc5 Bb7
41. Bc6 Ba6 42. Bc3 Nf1 43. Bb5 1-0

[Event "Chess.com Classic Div 3 L"]
[Site "chess.com INT"]
[Date "2024.05.10"]
[Round "1.2"]
[White "Moiseenko, Alexander"]
[Black "Sjugirov, Sanan"]
[Result "1/2-1/2"]
[WhiteTitle "GM"]
[BlackTitle "GM"]
[WhiteElo "2561"]
[BlackElo "2692"]
[WhiteFideId "14102560"]
[BlackFideId "4189302"]
[EventDate "2024.05.10"]
[EventType "k.o."]

1. d4 d5 2. c4 c6 3. Nc3 Nf6 4. Nf3 dxc4 5. a4 Bf5 6. Nh4 e6 7. Nxf5 exf5 8. e3
Bb4 9. Bxc4 O-O 10. Qc2 g6 11. O-O Nbd7 12. f3 Rc8 13. Ba2 c5 14. Kh1 a6 15. Qf2
Qe7 16. Bd2 Rfe8 17. Rae1 Qf8 18. Qh4 cxd4 19. exd4 Rxe1 20. Rxe1 Re8 21. h3
Rxe1+ 22. Qxe1 Qd6 23. Qe3 Qb8 24. Kg1 Bd6 25. Nd5 Nxd5 26. Bxd5 Nf6 27. Ba2 b5
28. a5 Nh5 29. Qb3 Qe8 30. Qd5 Bf4 31. Bxf4 Nxf4 32. Qe5 Qxe5 33. dxe5 Nd3 34.
e6 fxe6 35. Bxe6+ Kf8 36. Bc8 Nxb2 37. Bxa6 Nc4 38. Bxb5 Nxa5 39. Kf2 Nb7 40.
Ke3 Nd6 41. Bd3 Ke7 42. f4 Kf6 43. Kd4 h6 44. Kd5 Nf7 45. g3 g5 46. fxg5+ hxg5
47. Kd4 f4 48. gxf4 gxf4 49. Ke4 Ng5+ 50. Kxf4 Nxh3+ 1/2-1/2

[Event "Chess.com Classic Div 3 L"]
[Site "chess.com INT"]
[Date "2024.05.10"]
[Round "1.3"]
[White "Kovalev, Vladislav"]
[Black "Mamedov, Rauf"]
[Result "1/2-1/2"]
[WhiteTitle "GM"]
[BlackTitle "GM"]
[WhiteElo "2561"]
[BlackElo "2651"]
[WhiteFideId "13504398"]
[BlackFideId "13401653"]
[EventDate "2024.05.10"]
[EventType "k.o."]

1. c4 c5 2. Nc3 g6 3. Nf3 Bg7 4. e3 Nf6 5. d4 cxd4 6. exd4 d5 7. h3 O-O 8. Be2
Nc6 9. O-O Bf5 10. a3 Rc8 11. Re1 dxc4 12. Bxc4 Nxd4 13. Qxd4 Qxd4 14. Nxd4 Rxc4
15. Nxf5 gxf5 16. Rxe7 Ne4 17. Rxb7 Nxc3 18. bxc3 Bxc3 19. Rab1 Bd4 20. Bh6 Rfc8
21. R1b5 R4c6 22. Rb8 f6 23. Rxc8+ Rxc8 24. Rb7 Bb6 25. Rg7+ Kh8 26. Rf7 Bd4 27.
a4 Kg8 28. Rg7+ Kh8 29. Rd7 Bb6 30. Kf1 f4 31. Bxf4 Rc4 32. Bh6 Rh4 33. Bg7+ Kg8
34. a5 Bd4 35. Ke2 a6 36. Kf3 Be5 37. g3 Rxh3 38. Kg4 Rh2 39. f4 f5+ 40. Kxf5
Bxg7 41. Ra7 Rh6 42. g4 Rc6 43. g5 Bc3 44. Kg4 h6 1/2-1/2

[Event "Chess.com Classic Div 3 L"]
[Site "chess.com INT"]
[Date "2024.05.10"]
[Round "1.3"]
[White "Rasulov, Vugar"]
[Black "Kamsky, Gata"]
[Result "1-0"]
[WhiteTitle "GM"]
[BlackTitle "GM"]
[WhiteElo "2560"]
[BlackElo "2616"]
[WhiteFideId "13402390"]
[BlackFideId "2000024"]
[EventDate "2024.05.10"]
[EventType "k.o."]

1. e4 e5 2. Nf3 Nc6 3. Bb5 Nf6 4. d3 d6 5. O-O Bd7 6. c3 g6 7. Nbd2 Bg7 8. Re1
O-O 9. Nf1 Re8 10. Ba4 Na5 11. Bc2 c5 12. Bg5 h6 13. Bxf6 Bxf6 14. Ne3 Bg7 15.
a3 Nc6 16. b4 Kh8 17. Bb3 Rf8 18. Rb1 b6 19. b5 Ne7 20. d4 exd4 21. cxd4 Bxb5
22. Bxf7 Rxf7 23. Rxb5 Nc6 24. dxc5 dxc5 25. Nd5 Qd6 26. Rb3 Raf8 27. Rd3 c4 28.
Rde3 Ne5 29. Rf1 b5 30. Nd4 a6 31. Rh3 Nd3 32. Nf3 Kg8 33. Qd2 g5 34. Rg3 Nf4
35. h4 Nxd5 36. exd5 c3 37. Qd3 Rf5 38. hxg5 Rxd5 39. Qc2 h5 40. Rh3 Rxf3 41.
Rxf3 Rxg5 42. Re1 Qc6 43. Kh1 a5 44. Re4 Qg6 45. g3 Kh7 46. Rfe3 Rg4 47. Qe2 b4
48. axb4 axb4 49. Re7 h4 50. R3e6 Qf5 51. Re5 Qg6 52. R7e6 Qb1+ 53. Kg2 h3+ 54.
Kh2 Rg6 55. Qh5+ Rh6 56. Rxh6+ Bxh6 57. Re7+ 1-0

[Event "Chess.com Classic Div 3 L"]
[Site "chess.com INT"]
[Date "2024.05.11"]
[Round "2.1"]
[White "Bok, Benjamin"]
[Black "Deac, Bogdan-Daniel"]
[Result "1/2-1/2"]
[WhiteTitle "GM"]
[BlackTitle "GM"]
[WhiteElo "2599"]
[BlackElo "2693"]
[WhiteFideId "1017063"]
[BlackFideId "1226380"]
[EventDate "2024.05.10"]
[EventType "k.o."]

1. c4 e6 2. g3 d5 3. Bg2 Nf6 4. Nf3 Be7 5. O-O O-O 6. b3 c5 7. cxd5 Nxd5 8. Bb2
Nc6 9. d4 cxd4 10. Nxd4 Bd7 11. Na3 Nxd4 12. Qxd4 Bf6 13. Qd2 Bc6 14. Rfd1 Bxb2
15. Qxb2 Qe7 16. Nc4 Rfd8 17. Rac1 Nb4 18. Ne5 Bxg2 19. Kxg2 f6 20. a3 Na6 21.
Nd3 Rd6 22. b4 Rad8 23. Rc2 Nc7 24. Rdc1 Ne8 25. Qb3 Qf7 26. Nc5 b6 27. Nd3 e5
28. Qxf7+ Kxf7 29. b5 Rd5 30. a4 Rd4 31. Rc4 Rxc4 32. Rxc4 Rd7 33. Nb4 Nd6 34.
Rc2 Ke6 35. g4 Nb7 36. Nc6 Nc5 37. a5 Nb3 38. axb6 axb6 39. Ra2 Nd4 40. Nxd4+
Rxd4 41. Ra6 Rxg4+ 42. Kf3 Rb4 43. Rxb6+ Kf5 44. Rb7 g5 45. Rxh7 Rxb5 1/2-1/2

[Event "Chess.com Classic Div 3 L"]
[Site "chess.com INT"]
[Date "2024.05.11"]
[Round "2.1"]
[White "Daneshvar, Bardiya"]
[Black "Radjabov, Teimour"]
[Result "0-1"]
[WhiteTitle "GM"]
[BlackTitle "GM"]
[WhiteElo "2582"]
[BlackElo "2723"]
[WhiteFideId "12576468"]
[BlackFideId "13400924"]
[EventDate "2024.05.10"]
[EventType "k.o."]

1. c4 g6 2. g3 Bg7 3. Bg2 d6 4. Nc3 e5 5. d3 Ne7 6. b4 O-O 7. Rb1 c6 8. Qb3 Be6
9. Nf3 h6 10. O-O Nd7 11. a4 d5 12. Rd1 f5 13. cxd5 cxd5 14. b5 Rc8 15. Ba3 e4
16. Bxe7 Qxe7 17. Nxd5 Qf7 18. dxe4 fxe4 19. Nh4 Nc5 20. Qc4 g5 21. Ng6 Qxg6 22.
Ne7+ Kf7 23. Nxg6 Bxc4 24. Nxf8 Kxf8 25. Rbc1 Bxe2 26. Rd7 Bb2 27. Rc2 Bd3 28.
Rxd3 exd3 29. Rxb2 Nxa4 30. Rd2 Nc5 31. Bf1 a5 32. bxa6 bxa6 33. f3 a5 34. Kf2
Rd8 35. Ke1 a4 36. Ra2 Ke7 37. Kd2 g4 38. Bg2 Nb3+ 0-1

[Event "Chess.com Classic Div 3 L"]
[Site "chess.com INT"]
[Date "2024.05.11"]
[Round "2.1"]
[White "Giri, Anish"]
[Black "Durarbayli, Vasif"]
[Result "1/2-1/2"]
[WhiteTitle "GM"]
[BlackTitle "GM"]
[WhiteElo "2745"]
[BlackElo "2627"]
[WhiteFideId "24116068"]
[BlackFideId "13402935"]
[EventDate "2024.05.10"]
[EventType "k.o."]

1. Nf3 c5 2. c4 Nf6 3. g3 b6 4. Bg2 Bb7 5. O-O e6 6. Nc3 Be7 7. d4 cxd4 8. Qxd4
d6 9. Bg5 h6 10. Bxf6 Bxf6 11. Qd2 O-O 12. Rfd1 Na6 13. Rac1 Nc5 14. Ne1 Bxg2
15. Nxg2 Bg5 16. e3 Be7 17. Nf4 a6 18. b3 Qc7 19. h4 Qb7 20. Qe2 Nd7 21. Qf1
Rfb8 22. Qg2 Qxg2+ 23. Kxg2 b5 24. Ne4 bxc4 25. Nxd6 cxb3 26. axb3 Nf6 27. Rb1
g5 28. hxg5 hxg5 29. Ne2 a5 30. Nc4 Ne4 31. Ne5 Rb5 32. Nc6 Bf6 33. Kf3 Nc5 34.
b4 axb4 35. Rxb4 Rxb4 36. Nxb4 Ra4 37. Nd3 g4+ 38. Kg2 Ne4 39. Rc1 Kg7 40. Nc5
Nxc5 41. Rxc5 Be7 42. Rc2 Bg5 43. Nd4 Bf6 44. Nb3 Rb4 45. Nc5 Bg5 46. Nd3 Ra4
47. Rc5 Bf6 48. Nf4 Rb4 49. Rc7 Re4 50. Ra7 Bg5 51. Nd3 Kg6 52. Ra5 Bf6 53. Nf4+
Kg7 54. Ra7 Bg5 55. Nd3 Kg6 56. Kf1 Bf6 57. Ke2 Kg7 58. Nf4 Kg8 59. Ra8+ Kh7 60.
Nd3 Rc4 61. Ra2 Kg7 62. Nf4 Kh7 63. Kf1 Rb4 64. Ra7 Kg8 65. Nd3 Rc4 66. Kg2 Kg7
67. Rb7 Kg8 68. Rb1 Kg7 69. Rh1 Rc3 70. Nf4 Bg5 71. Rh5 Bxf4 72. gxf4 f5 73.
Rg5+ Kf6 74. Rg8 Rc2 75. Rf8+ Ke7 76. Ra8 Kf6 77. Ra1 Re2 78. Rh1 Kf7 79. Kg3
Kf6 80. Rd1 Ra2 81. Rd3 Ra1 82. Kg2 Rb1 83. Ra3 Rc1 84. Rb3 Rd1 85. Rb2 Rc1 86.
Re2 Ra1 87. Rd2 Rb1 88. Re2 Ra1 89. Rd2 Rb1 90. Ra2 Rc1 91. Rd2 Rb1 1/2-1/2